<?xml version="1.0" encoding="UTF-8"?>
<record
    xmlns:xsi="http://www.w3.org/2001/XMLSchema-instance"
    xsi:schemaLocation="http://www.loc.gov/MARC21/slim http://www.loc.gov/standards/marcxml/schema/MARC21slim.xsd"
    xmlns="http://www.loc.gov/MARC21/slim">

  <leader>00980nam a22002177a 4500</leader>
  <datafield tag="999" ind1=" " ind2=" ">
    <subfield code="c">181381</subfield>
    <subfield code="d">181381</subfield>
  </datafield>
  <controlfield tag="005">20210909160401.0</controlfield>
  <datafield tag="010" ind1=" " ind2=" ">
    <subfield code="a">ENG-129901-129903</subfield>
  </datafield>
  <datafield tag="020" ind1=" " ind2=" ">
    <subfield code="a">978-93-8854-837-3</subfield>
    <subfield code="c">8038.00( vol.4)</subfield>
  </datafield>
  <datafield tag="035" ind1=" " ind2=" ">
    <subfield code="a">  EN-113433 -36</subfield>
  </datafield>
  <datafield tag="037" ind1=" " ind2=" ">
    <subfield code="b">DBAD/PUB</subfield>
  </datafield>
  <datafield tag="082" ind1=" " ind2=" ">
    <subfield code="a">349.5403</subfield>
  </datafield>
  <datafield tag="100" ind1=" " ind2=" ">
    <subfield code="a">Aiyar,P Ramanatha</subfield>
  </datafield>
  <datafield tag="245" ind1=" " ind2=" ">
    <subfield code="a">Advanced law lexicon:</subfield>
    <subfield code="c">P Ramanatha Aiyar, co Author by Shakil Ahmad Khan </subfield>
    <subfield code="b">The encyclopaedic law dictionary with words &amp; Phrases legal maxims and latin terms/</subfield>
  </datafield>
  <datafield tag="250" ind1=" " ind2=" ">
    <subfield code="a">6th ed.</subfield>
  </datafield>
  <datafield tag="260" ind1=" " ind2=" ">
    <subfield code="b">Lexis Nexis</subfield>
    <subfield code="a">India</subfield>
    <subfield code="c">2019</subfield>
  </datafield>
  <datafield tag="270" ind1=" " ind2=" ">
    <subfield code="b">Gurgaon</subfield>
    <subfield code="e">122002</subfield>
    <subfield code="a">14th Floor , Building No 10, Tower-B, DLF Cyber City, phase -ll</subfield>
    <subfield code="k">+91 124 4774444</subfield>
    <subfield code="l">+91 124 4774100</subfield>
    <subfield code="m">help.in@lexisnexis.com</subfield>
  </datafield>
  <datafield tag="300" ind1=" " ind2=" ">
    <subfield code="a">cii.6045p.</subfield>
    <subfield code="c">25cm(hbk)</subfield>
    <subfield code="b">vol.1-4</subfield>
  </datafield>
  <datafield tag="500" ind1=" " ind2=" ">
    <subfield code="a">vol.1(A-C)
vol.2(D-1)
vol.3(J-P)
vol.4(Q-Z)













































</subfield>
  </datafield>
  <datafield tag="700" ind1=" " ind2=" ">
    <subfield code="a"> Shakil Ahmad Khan </subfield>
  </datafield>
  <datafield tag="942" ind1=" " ind2=" ">
    <subfield code="2">ddc</subfield>
    <subfield code="c">EN</subfield>
    <subfield code="h">349.5403</subfield>
    <subfield code="m">AIY</subfield>
  </datafield>
  <datafield tag="952" ind1=" " ind2=" ">
    <subfield code="0">0</subfield>
    <subfield code="1">0</subfield>
    <subfield code="3">vol.1</subfield>
    <subfield code="4">0</subfield>
    <subfield code="7">0</subfield>
    <subfield code="8">REF</subfield>
    <subfield code="a">L</subfield>
    <subfield code="b">L</subfield>
    <subfield code="d">2021-09-09</subfield>
    <subfield code="e">DBAD/PUB</subfield>
    <subfield code="g">2009.50</subfield>
    <subfield code="l">0</subfield>
    <subfield code="o">349.5403 AIY</subfield>
    <subfield code="p">EN-113433</subfield>
    <subfield code="r">2021-09-09 00:00:00</subfield>
    <subfield code="t">1</subfield>
    <subfield code="v">2009.50</subfield>
    <subfield code="y">EN</subfield>
  </datafield>
  <datafield tag="952" ind1=" " ind2=" ">
    <subfield code="0">0</subfield>
    <subfield code="1">0</subfield>
    <subfield code="3">vol.2</subfield>
    <subfield code="4">0</subfield>
    <subfield code="7">0</subfield>
    <subfield code="8">REF</subfield>
    <subfield code="a">L</subfield>
    <subfield code="b">L</subfield>
    <subfield code="d">2021-09-09</subfield>
    <subfield code="e">DBAD/PUB</subfield>
    <subfield code="g">2009.50</subfield>
    <subfield code="l">0</subfield>
    <subfield code="o">349.5403 AIY</subfield>
    <subfield code="p">EN-113434</subfield>
    <subfield code="r">2021-09-09 00:00:00</subfield>
    <subfield code="t">1</subfield>
    <subfield code="v">2009.50</subfield>
    <subfield code="y">EN</subfield>
  </datafield>
  <datafield tag="952" ind1=" " ind2=" ">
    <subfield code="0">0</subfield>
    <subfield code="1">0</subfield>
    <subfield code="3">vol.3</subfield>
    <subfield code="4">0</subfield>
    <subfield code="7">0</subfield>
    <subfield code="8">REF</subfield>
    <subfield code="a">L</subfield>
    <subfield code="b">L</subfield>
    <subfield code="d">2021-09-09</subfield>
    <subfield code="e">DBAD/PUB</subfield>
    <subfield code="g">2009.50</subfield>
    <subfield code="l">0</subfield>
    <subfield code="o">349.5403 AIY</subfield>
    <subfield code="p">EN-113435</subfield>
    <subfield code="r">2021-09-09 00:00:00</subfield>
    <subfield code="t">1</subfield>
    <subfield code="v">2009.50</subfield>
    <subfield code="y">EN</subfield>
  </datafield>
  <datafield tag="952" ind1=" " ind2=" ">
    <subfield code="0">0</subfield>
    <subfield code="1">0</subfield>
    <subfield code="3">vol.4</subfield>
    <subfield code="4">0</subfield>
    <subfield code="7">0</subfield>
    <subfield code="8">REF</subfield>
    <subfield code="a">L</subfield>
    <subfield code="b">L</subfield>
    <subfield code="d">2021-09-09</subfield>
    <subfield code="e">DBAD/PUB</subfield>
    <subfield code="g">2009.50</subfield>
    <subfield code="l">0</subfield>
    <subfield code="o">349.5403 AIY</subfield>
    <subfield code="p">EN-113436</subfield>
    <subfield code="r">2021-09-09 00:00:00</subfield>
    <subfield code="t">1</subfield>
    <subfield code="v">2009.50</subfield>
    <subfield code="y">EN</subfield>
  </datafield>
</record>
